[Event "Let's Go Dutch 2"]
[Site "SchemingMind.com"]
[Date "2007.01.09"]
[Round "-"]
[White "Dr_Pat"]
[Black "mart_r3000"]
[Result "1-0"]
[WhiteCountry "USA"]
[BlackCountry "ENG"]
[WhiteElo "1493"]
[WhiteRD "49"]
[BlackElo "1286"]
[BlackRD "52"]
[GameID "86345"]

1. d4 f5 2. Bf4 d6 3. Nf3 Nc6 4. e3 Nf6 5. Nc3 e5 6. dxe5 Ne4 7. Bc4 Na5 8. Qd5 Qe7 9. Qxa5 c6 10. Nxe4 fxe4
11. exd6 Qf6 12. Ng5 Bxd6 13. Nxe4 Qe7 14. Nxd6+ Kf8 15. Nxc8 Rxc8 16. Qf5+ Ke8 17. Qxc8+
1-0

[Event "Let's Go Dutch 2"]
[Site "SchemingMind.com"]
[Date "2007.01.10"]
[Round "-"]
[White "mart_r3000"]
[Black "Dr_Pat"]
[Result "0-1"]
[WhiteCountry "ENG"]
[BlackCountry "USA"]
[WhiteElo "1286"]
[WhiteRD "52"]
[BlackElo "1493"]
[BlackRD "49"]
[GameID "86346"]

1. d4 f5 2. e4 fxe4 3. Nc3 Nf6 4. d5 c6 5. Bc4 b5 6. Be2 b4 7. Na4 cxd5 8. Bd2 e5 9. c3 Nc6 10. Qb3 bxc3
11. Nxc3 Rb8 12. Qc2 Nd4 13. Qa4 Rb4 14. Qd1 Rxb2 15. Nh3 Nc2+ 16. Kf1 Nxa1 17. Na4 Rxa2 18. Bg5 Qa5 19. Bxf6 gxf6 20. Bh5+ Kd8
21. g3 Rxa4 22. Kg2 Ra2 23. Bf7 Nc2 24. Qc1 Bc5 25. Qh6 Ne3+
0-1

[Event "Let's Go Dutch 2"]
[Site "SchemingMind.com"]
[Date "2007.01.11"]
[Round "-"]
[White "jtrochez1"]
[Black "Dr_Pat"]
[Result "0-1"]
[WhiteCountry "HON"]
[BlackCountry "USA"]
[WhiteElo "1529"]
[WhiteRD "47"]
[BlackElo "1493"]
[BlackRD "49"]
[GameID "86561"]

1. d4 f5 2. e3 Nf6 3. Nd2 d6 4. Bd3 e5 5. c3 e4 6. Be2 Be7 7. f3 O-O 8. f4 Nc6 9. Nb3 a6 10. Nh3 d5
11. O-O b5 12. Nc5 Bxc5 13. dxc5 Rb8 14. b4 a5 15. a3 h6 16. Nf2 Be6 17. Kh1 d4 18. cxd4 a4 19. Bb2 Nd5 20. Qd2 Nce7
21. Rg1 Qd7 22. g4 fxg4 23. Bxg4 Bxg4 24. Nxg4 Qe6 25. Raf1 Rbd8 26. Qe2 Nf5 27. Qxb5 h5 28. Qe2 hxg4 29. Qxg4 Ndxe3 30. Re1 Nxg4
31. Rxg4 Qb3
0-1

[Event "Let's Go Dutch 2"]
[Site "SchemingMind.com"]
[Date "2007.01.11"]
[Round "-"]
[White "jtrochez1"]
[Black "mart_r3000"]
[Result "0-1"]
[WhiteCountry "HON"]
[BlackCountry "ENG"]
[WhiteElo "1511"]
[WhiteRD "47"]
[BlackElo "1361"]
[BlackRD "56"]
[GameID "86562"]

1. d4 f5 2. g3 Nc6 3. e3 Nf6 4. Nc3 d5 5. Bg2 e6 6. a3 Bd6 7. Nge2 O-O 8. O-O Ng4 9. f4 Qf6 10. Nb5 Qh6
11. h3 Be7 12. hxg4 fxg4 13. Bd2 Bd7 14. Nxc7 Rac8 15. Nb5 g5 16. Kf2 Rf5 17. Rh1 Qf6 18. Bc3 a6 19. e4 Rxf4+ 20. gxf4 gxf4
21. Qg1 f3 22. Bxf3 e5 23. Rf1 Qxf3+ 24. Ke1 Qxe4 25. Qh2 Bf5 26. Rxf5 Qxf5 27. Ng3 Qf7 28. Rf1 Qg6 29. Nf5 Bf8 30. dxe5 axb5
31. Bd2 Re8 32. b4 Nxe5 33. Qf4 Nd3+ 34. Kd1 Nxf4 35. Rxf4 Qh5 36. Ng3 Qe5 37. Rxg4+ Kh8 38. Rg5 Qa1+ 39. Bc1 Re1+ 40. Kxe1 Qxc1+
41. Kf2 Qxg5
0-1

[Event "Let's Go Dutch 2"]
[Site "SchemingMind.com"]
[Date "2007.01.11"]
[Round "-"]
[White "Dr_Pat"]
[Black "jtrochez1"]
[Result "1-0"]
[WhiteCountry "USA"]
[BlackCountry "HON"]
[WhiteElo "1493"]
[WhiteRD "49"]
[BlackElo "1529"]
[BlackRD "47"]
[GameID "86563"]

1. d4 f5 2. Bf4 Nf6 3. e3 c6 4. Nd2 d5 5. Ngf3 e6 6. Bd3 h6 7. O-O Ne4 8. Nxe4 dxe4 9. Ne5 exd3 10. Nxd3 Nd7
11. Qh5+ Ke7 12. Qg6 Qe8 13. Bd6+
1-0

[Event "Let's Go Dutch 2"]
[Site "SchemingMind.com"]
[Date "2007.01.11"]
[Round "-"]
[White "mart_r3000"]
[Black "jtrochez1"]
[Result "1-0"]
[WhiteCountry "ENG"]
[BlackCountry "HON"]
[WhiteElo "1286"]
[WhiteRD "52"]
[BlackElo "1529"]
[BlackRD "47"]
[GameID "86564"]

1. d4 f5 2. Nf3 d6 3. Bf4 h6 4. Nc3 Nf6 5. Qd3 c6 6. O-O-O e6 7. e4 Ng4 8. Bg3 g5 9. exf5 exf5 10. Re1+ Be7
11. h3 Nf6 12. d5 f4 13. Qg6+ Kd7 14. dxc6+ Nxc6 15. Nb5 Qg8 16. Qf5+ Kd8 17. Qd3 Qd5 18. Qxd5 Nxd5 19. Bh2 a6 20. Na3 Bd7
21. g4 Re8 22. Bd3 Ncb4 23. Bc4 Bc6 24. c3 Nxc3 25. bxc3 Nxa2+ 26. Bxa2 Bxf3 27. Rhf1 Bg2 28. Rg1 f3 29. Re3 b5 30. Bd5 Rb8
31. Nc2 Rf8 32. Rge1 Bxh3 33. Rxe7 Rb6 34. Nd4 Bxg4 35. Nc6+ Kc8 36. Bxd6 Rf6 37. Re8+ Kd7 38. Rd8#
1-0

[Event "Let's Go Dutch 2"]
[Site "SchemingMind.com"]
[Date "2007.01.15"]
[Round "-"]
[White "iain"]
[Black "jtrochez1"]
[Result "0-1"]
[WhiteCountry "USA"]
[BlackCountry "HON"]
[WhiteElo "1395"]
[WhiteRD "63"]
[BlackElo "1511"]
[BlackRD "47"]
[GameID "87013"]

1. d4 f5 2. e3 Nf6 3. c4 c6 4. Nf3 e6 5. Bd3 Be7 6. O-O O-O 7. Ng5 d5 8. cxd5 Nxd5 9. Nc3 Bxg5 10. f4 Bf6
11. Nxd5 cxd5 12. b4 Bd7 13. a4 Be8 14. Bb2 Bg6 15. a5 a6 16. Ba3 Be7 17. g4 Nc6 18. h3 Nxb4 19. gxf5 exf5 20. Qb3 Nxd3
21. Qxd3 Bxa3 22. Rxa3 Be8 23. Rb3 Bb5 24. Rxb5 axb5 25. Qxb5 Rxa5 26. Qxb7 Qh4
0-1

[Event "Let's Go Dutch 2"]
[Site "SchemingMind.com"]
[Date "2007.01.14"]
[Round "-"]
[White "iain"]
[Black "Dr_Pat"]
[Result "1-0"]
[WhiteCountry "USA"]
[BlackCountry "USA"]
[WhiteElo "1395"]
[WhiteRD "63"]
[BlackElo "1519"]
[BlackRD "49"]
[GameID "87014"]

1. d4 f5 2. e3 Nf6 3. c4 Nc6 4. Nc3 e5 5. dxe5 Nxe5 6. Nf3 d6 7. Nxe5 dxe5 8. Be2 Qxd1+ 9. Nxd1 Be6 10. O-O O-O-O
11. b3 Bb4 12. a3 Bd6 13. Bb2 Kb8 14. Nc3 a6 15. Rad1 Rhg8 16. Kh1 g5 17. b4 g4 18. g3 h5 19. c5 Bf8 20. Rxd8+
1-0

[Event "Let's Go Dutch 2"]
[Site "SchemingMind.com"]
[Date "2007.01.14"]
[Round "-"]
[White "iain"]
[Black "mart_r3000"]
[Result "0-1"]
[WhiteCountry "USA"]
[BlackCountry "ENG"]
[WhiteElo "1439"]
[WhiteRD "68"]
[BlackElo "1286"]
[BlackRD "52"]
[GameID "87015"]

1. d4 f5 2. e3 d5 3. c4 Nf6 4. Nf3 e6 5. Ne5 Ne4 6. f3 Qh4+ 7. g3 Nxg3 8. Rg1 Bb4+ 9. Bd2 Ne4+ 10. Ke2 Qf2+
11. Kd3 Qxg1 12. fxe4 fxe4+ 13. Kc2 O-O 14. Bxb4 Rxf1 15. Qg4 Rc1+
0-1

[Event "Let's Go Dutch 2"]
[Site "SchemingMind.com"]
[Date "2007.01.16"]
[Round "-"]
[White "jtrochez1"]
[Black "iain"]
[Result "1-0"]
[WhiteCountry "HON"]
[BlackCountry "USA"]
[WhiteElo "1511"]
[WhiteRD "47"]
[BlackElo "1395"]
[BlackRD "63"]
[GameID "87016"]

1. d4 f5 2. c4 e6 3. e3 Nf6 4. Bd3 Be7 5. Nf3 O-O 6. a3 d5 7. Nc3 Ne4 8. Be2 c6 9. c5 b6 10. O-O bxc5
11. Nxe4 fxe4 12. Ne5 Nd7 13. Nxc6 Qe8 14. Nxe7+ Qxe7 15. Bd2 c4 16. Bb4 Qf7 17. Bxf8 Qxf8 18. b4 cxb3 19. Qxb3 a5 20. a4 Rb8
21. Qc3 Rb4 22. Bb5 Nb6 23. Qc7 Nc4 24. Rac1 Nd2 25. Qxc8 Nxf1 26. Qxe6+
1-0

[Event "Let's Go Dutch 2"]
[Site "SchemingMind.com"]
[Date "2007.01.16"]
[Round "-"]
[White "Dr_Pat"]
[Black "iain"]
[Result "1-0"]
[WhiteCountry "USA"]
[BlackCountry "USA"]
[WhiteElo "1493"]
[WhiteRD "49"]
[BlackElo "1439"]
[BlackRD "68"]
[GameID "87017"]

1. d4 f5 2. Bf4 Nf6 3. e3 e6 4. Nf3 Nc6 5. Be2 d6 6. O-O Be7 7. c4 O-O 8. Nc3 d5 9. Nb5 a6 10. Nxc7 Ra7
11. Ng5 b5 12. Ngxe6 Bxe6 13. Nxe6 Qe8 14. Nxf8 Bxf8 15. cxb5 axb5 16. Bxb5
1-0

[Event "Let's Go Dutch 2"]
[Site "SchemingMind.com"]
[Date "2007.01.16"]
[Round "-"]
[White "mart_r3000"]
[Black "iain"]
[Result "1-0"]
[WhiteCountry "ENG"]
[BlackCountry "USA"]
[WhiteElo "1361"]
[WhiteRD "56"]
[BlackElo "1395"]
[BlackRD "63"]
[GameID "87018"]

1. d4 f5 2. Nf3 e6 3. e3 Nf6 4. Ng5 h6 5. Nh3 d6 6. f4 Bd7 7. Bd3 Nc6 8. O-O Qe7 9. Nc3 O-O-O 10. Nb5 a6
11. a4 Kb8 12. Bd2 Ne4 13. Be1 Nb4 14. Bxb4 c5 15. dxc5 dxc5 16. Ba3 axb5 17. axb5 Bxb5 18. b3 Bxd3 19. cxd3 Nc3 20. Qc2 Nb5
21. Bxc5 Qxc5 22. Qa2 Kc7 23. Rfc1 Nc3 24. Qc2 Qxe3+ 25. Nf2 Bc5 26. Qxc3 Qxf2+ 27. Kh1 b6 28. Ra7+ Kb8 29. Rca1 Qg1+ 30. Rxg1 Bxg1
31. Qc7#
1-0

[Event "Let's Go Dutch 2"]
[Site "SchemingMind.com"]
[Date "2007.01.15"]
[Round "-"]
[White "nwhitelaw"]
[Black "jtrochez1"]
[Result "0-1"]
[WhiteCountry "GBR"]
[BlackCountry "HON"]
[WhiteElo "1294"]
[WhiteRD "64"]
[BlackElo "1529"]
[BlackRD "47"]
[GameID "87097"]

1. d4 f5 2. Bf4 d6 3. e3 e6 4. Nh3 Be7 5. Bd3 g6 6. O-O Nc6 7. e4 Nxd4 8. c3 Nc6 9. Qa4 Bd7 10. Bb5 h6
11. Nd2 g5 12. Be3 f4 13. Bd4 e5 14. Bxa7 Rxa7 15. Qc4 Na5 16. Qd3 c6 17. b4 cxb5 18. bxa5 Qxa5 19. Kh1 Nf6 20. Nb3 Qc7
21. Ng1 g4 22. Rfc1 Bc6 23. c4 Nxe4 24. cxb5 Nxf2#
0-1

[Event "Let's Go Dutch 2"]
[Site "SchemingMind.com"]
[Date "2007.01.16"]
[Round "-"]
[White "nwhitelaw"]
[Black "iain"]
[Result "1-0"]
[WhiteCountry "GBR"]
[BlackCountry "USA"]
[WhiteElo "1339"]
[WhiteRD "62"]
[BlackElo "1395"]
[BlackRD "63"]
[GameID "87098"]

1. d4 f5 2. Bf4 e6 3. Nf3 Nf6 4. e3 Nc6 5. Bd3 Nd5 6. Bg5 Be7 7. Bxe7 Qxe7 8. O-O O-O 9. e4 Ndb4 10. Nc3 Nxd3
11. cxd3 fxe4 12. dxe4 Nb4 13. Qb3 a5 14. a3 Nd3 15. d5 b6 16. Qc4 Nxb2 17. Qxc7 exd5 18. exd5 Qd8 19. Qd6 Nc4 20. Qg3 d6
21. Nd4 Qf6 22. Nc6 Bb7 23. Ne4 Qf7 24. Ng5 Qxd5 25. Ne7+
1-0

[Event "Let's Go Dutch 2"]
[Site "SchemingMind.com"]
[Date "2007.01.15"]
[Round "-"]
[White "nwhitelaw"]
[Black "Dr_Pat"]
[Result "0-1"]
[WhiteCountry "GBR"]
[BlackCountry "USA"]
[WhiteElo "1339"]
[WhiteRD "62"]
[BlackElo "1519"]
[BlackRD "49"]
[GameID "87099"]

1. d4 f5 2. Bf4 Nf6 3. e3 e6 4. Nf3 Be7 5. Bd3 Nh5 6. O-O Nxf4 7. exf4 O-O 8. Nbd2 c5 9. c3 Nc6 10. Qb3 Qc7
11. g3 a6 12. d5 Na5 13. Qa4 exd5 14. b4 Nc6 15. b5 Qa5 16. Qb3 axb5 17. Qxd5+ Kh8 18. Ng5 Qxc3 19. Bxf5 Bxg5 20. fxg5 Ne7
21. g4 Nxd5 22. Ne4 Qe5 23. Rae1 Qc7 24. g6 hxg6 25. Bxg6 d6 26. f4 Bxg4 27. f5 Rxa2 28. f6 Nxf6 29. Nc3 Ra5 30. Rb1 Qc6
31. Ne4 Bh3 32. Rf4 d5 33. Rh4+ Kg8 34. Nxf6+ Qxf6 35. Bh7+ Kf7 36. Rf1 Bxf1
0-1

[Event "Let's Go Dutch 2"]
[Site "SchemingMind.com"]
[Date "2007.01.15"]
[Round "-"]
[White "nwhitelaw"]
[Black "mart_r3000"]
[Result "0-1"]
[WhiteCountry "GBR"]
[BlackCountry "ENG"]
[WhiteElo "1294"]
[WhiteRD "64"]
[BlackElo "1286"]
[BlackRD "52"]
[GameID "87100"]

1. d4 f5 2. Bf4 Nf6 3. e3 a6 4. Nf3 e6 5. Bd3 Bb4+ 6. c3 Ba5 7. Ng5 O-O 8. b4 Bb6 9. O-O Qe8 10. Be5 d6
11. Bxf6 Rxf6 12. Nd2 e5 13. Nc4 e4 14. Be2 Nd7 15. Bh5 g6 16. Be2 c5 17. Ne5 dxe5 18. dxe5 Qxe5 19. f4 Qc7 20. Qd5+ Kg7
21. Bc4 Kh6 22. Qg8 Nf8 23. Qd5 cxb4 24. cxb4 Bxe3+ 25. Kh1 Bxf4 26. Nh3 Be6 27. Qd4 Be5 28. Qe3+ Kg7 29. Bxe6 Bxa1 30. Rc1 Qe5
31. Ng5 Nxe6 32. Nxe6+ Rxe6 33. Qe1 Bb2 34. Rb1 b5 35. h4 h5 36. Qd2 Rd6 37. Rxb2 Rxd2
0-1

[Event "Let's Go Dutch 2"]
[Site "SchemingMind.com"]
[Date "2007.01.15"]
[Round "-"]
[White "jtrochez1"]
[Black "nwhitelaw"]
[Result "0-1"]
[WhiteCountry "HON"]
[BlackCountry "GBR"]
[WhiteElo "1511"]
[WhiteRD "47"]
[BlackElo "1339"]
[BlackRD "62"]
[GameID "87101"]

1. d4 f5 2. Nc3 e6 3. Nf3 Nf6 4. e3 d5 5. Bd3 Nc6 6. a3 Bd6 7. O-O e5 8. Bb5 e4 9. Ne1 Ng4 10. g3 O-O
11. Bxc6 bxc6 12. Ng2 Ba6 13. Re1 Qf6 14. Qd2 Qh6 15. Nh4 g5 16. f3 gxh4 17. fxg4 hxg3 18. hxg3 Bxg3 19. Rd1 fxg4 20. Qg2 Bf2+
21. Qxf2 Rxf2 22. Kxf2 Qh2+ 23. Ke1 Qg1+ 24. Kd2 Qf2+
0-1

[Event "Let's Go Dutch 2"]
[Site "SchemingMind.com"]
[Date "2007.01.16"]
[Round "-"]
[White "iain"]
[Black "nwhitelaw"]
[Result "0-1"]
[WhiteCountry "USA"]
[BlackCountry "GBR"]
[WhiteElo "1395"]
[WhiteRD "63"]
[BlackElo "1339"]
[BlackRD "62"]
[GameID "87102"]

1. d4 f5 2. e3 e6 3. Be2 d5 4. Nf3 Nf6 5. O-O Bd6 6. c4 Ng4 7. g3 b6 8. cxd5 exd5 9. Nc3 O-O 10. Nxd5 Bb7
11. Nc3 Qf6 12. Bd3 Nd7 13. Nh4 Qh6 14. Bxf5 Ngf6 15. e4 g5 16. e5 Bxe5 17. Be6+ Kh8 18. dxe5 Nxe5 19. Nf5 Qh3 20. Bxg5 Qg2#
0-1

[Event "Let's Go Dutch 2"]
[Site "SchemingMind.com"]
[Date "2007.01.15"]
[Round "-"]
[White "Dr_Pat"]
[Black "nwhitelaw"]
[Result "1-0"]
[WhiteCountry "USA"]
[BlackCountry "GBR"]
[WhiteElo "1519"]
[WhiteRD "49"]
[BlackElo "1339"]
[BlackRD "62"]
[GameID "87103"]

1. d4 f5 2. Bf4 e6 3. Nf3 h6 4. e3 g5 5. Ne5 Qf6 6. Qh5+ Ke7 7. Ng6+ Kd8 8. Nxh8 Qxh8 9. Bxg5+ Be7 10. Bxe7+ Nxe7
11. Nc3 b6 12. Be2 Bb7 13. Bf3 Nbc6 14. O-O Ba6 15. Rfb1 d6 16. Qf7 Kd7 17. Bxc6+ Kxc6 18. Qxe7 Qg8 19. e4 f4 20. d5+ exd5
21. exd5+ Kb7 22. f3 Re8 23. Qh4 Qg6 24. Qf2 Bc4 25. b3 Bxd5 26. Nxd5 h5 27. c4 a5 28. b4 a4 29. c5 Qf5 30. Rd1 Rd8
31. cxb6 c6 32. Ne7 Qb5 33. Kh1 Qxb4 34. Qh4 Qxb6 35. Rab1
1-0

[Event "Let's Go Dutch 2"]
[Site "SchemingMind.com"]
[Date "2007.01.15"]
[Round "-"]
[White "mart_r3000"]
[Black "nwhitelaw"]
[Result "0-1"]
[WhiteCountry "ENG"]
[BlackCountry "GBR"]
[WhiteElo "1286"]
[WhiteRD "52"]
[BlackElo "1294"]
[BlackRD "64"]
[GameID "87104"]

1. d4 f5 2. Nc3 d5 3. Nf3 Nc6 4. Bf4 Nf6 5. e3 Be6 6. Bb5 a6 7. Bxc6+ bxc6 8. O-O Ne4 9. Nxe4 dxe4 10. Ne5 Qd5
11. Qh5+ g6 12. Nxg6 Bf7 13. g4 Bxg6 14. Qg5 O-O-O 15. b3 fxg4 16. Qxg4+ Qf5 17. Qg3 e6 18. Bxc7 Rd7 19. Be5 Rg8 20. f4 Bf7
21. Qxg8 Bxg8 22. Rab1 Qg4+ 23. Kh1 Bg7 24. c4 Bxe5 25. fxe5 Rf7 26. Rfc1 Qf3+
0-1

[Event "Let's Go Dutch 2"]
[Site "SchemingMind.com"]
[Date "2007.01.15"]
[Round "-"]
[White "HURRICANEWARNING"]
[Black "jtrochez1"]
[Result "0-1"]
[WhiteCountry "USA"]
[BlackCountry "HON"]
[WhiteElo "1272"]
[WhiteRD "74"]
[BlackElo "1511"]
[BlackRD "47"]
[GameID "87182"]

1. d4 f5 2. Nc3 e6 3. Bf4 Bb4 4. Qd3 Bxc3+ 5. Qxc3 d6 6. d5 Qe7 7. Nf3 exd5 8. Bg5 Nf6 9. O-O-O c6 10. e3 Nbd7
0-1

[Event "Let's Go Dutch 2"]
[Site "SchemingMind.com"]
[Date "2007.01.16"]
[Round "-"]
[White "HURRICANEWARNING"]
[Black "Dr_Pat"]
[Result "0-1"]
[WhiteCountry "USA"]
[BlackCountry "USA"]
[WhiteElo "1181"]
[WhiteRD "69"]
[BlackElo "1559"]
[BlackRD "50"]
[GameID "87184"]

1. d4 f5 2. Nc3 Nf6 3. f3 d5 4. Bf4 Nh5 5. Be5 Nc6 6. e3 Nxe5 7. f4 Ng4 8. h3 Ng3 9. hxg4 Nxh1 10. Nge2 Qd6
11. g5 h6 12. g3 hxg5 13. Nb5 Qb4+ 14. Nec3 Kd8 15. b3 e6 16. a3 Qe7 17. Qf3 gxf4 18. gxf4 Qh4+
0-1

[Event "Let's Go Dutch 2"]
[Site "SchemingMind.com"]
[Date "2007.01.15"]
[Round "-"]
[White "HURRICANEWARNING"]
[Black "mart_r3000"]
[Result "0-1"]
[WhiteCountry "USA"]
[BlackCountry "ENG"]
[WhiteElo "1181"]
[WhiteRD "69"]
[BlackElo "1354"]
[BlackRD "54"]
[GameID "87185"]

1. d4 f5 2. Nc3 Nf6 3. Bf4 e6 4. f3 Be7 5. e3 c6 6. a3 O-O 7. Bc4 d5 8. Bb3 h6 9. Nh3 Qe8 10. O-O Qh5
11. Bxb8 Rxb8 12. Nf4 Qg5 13. g3 c5 14. Kg2 h5 15. h4 Qh6 16. Nb5 g5 17. hxg5 Qxg5 18. Kh3 h4
0-1

[Event "Let's Go Dutch 2"]
[Site "SchemingMind.com"]
[Date "2007.01.15"]
[Round "-"]
[White "jtrochez1"]
[Black "HURRICANEWARNING"]
[Result "1-0"]
[WhiteCountry "HON"]
[BlackCountry "USA"]
[WhiteElo "1511"]
[WhiteRD "47"]
[BlackElo "1272"]
[BlackRD "74"]
[GameID "87187"]

1. d4 f5 2. e3 d5 3. c4 Nf6 4. Nc3 Be6 5. c5 g6 6. Nf3 Nc6 7. Bb5 Bh6 8. Ne5 O-O 9. Nxc6 bxc6 10. Bxc6 Rb8
11. O-O Ng4 12. h3 Nf6 13. a3
1-0

[Event "Let's Go Dutch 2"]
[Site "SchemingMind.com"]
[Date "2007.01.15"]
[Round "-"]
[White "mart_r3000"]
[Black "HURRICANEWARNING"]
[Result "1-0"]
[WhiteCountry "ENG"]
[BlackCountry "USA"]
[WhiteElo "1354"]
[WhiteRD "54"]
[BlackElo "1181"]
[BlackRD "69"]
[GameID "87190"]

1. d4 f5 2. f4 d5 3. Nf3 h6 4. Ne5 Qd6 5. Bd2 c5 6. c3 cxd4 7. Qa4+ Bd7 8. Nxd7 Nxd7 9. cxd4 Qb6 10. Bc3 Nf6
11. g3 Ne4 12. Bb4 Qxd4 13. Bc3 Qxa4 14. Bg2 Ndc5 15. O-O Nxc3 16. Nxc3 Qd4+ 17. Kh1 Qd2 18. Nxd5
1-0

[Event "Let's Go Dutch 2"]
[Site "SchemingMind.com"]
[Date "2007.01.16"]
[Round "-"]
[White "knightrider"]
[Black "jtrochez1"]
[Result "1-0"]
[WhiteCountry "USA"]
[BlackCountry "HON"]
[WhiteElo "1502"]
[WhiteRD "61"]
[BlackElo "1511"]
[BlackRD "47"]
[GameID "87277"]

1. d4 f5 2. Bf4 d6 3. Nf3 b6 4. e3 Bb7 5. Nc3 c6 6. d5 Qc8 7. Ng5 g6 8. Bc4 c5 9. e4 Nf6 10. exf5 Qxf5
11. Ne6 Kd7 12. g4 Qxg4 13. Qxg4 Nxg4 14. f3 Nf6 15. O-O-O Na6 16. Rhe1 Nc7 17. Nb5 Nxb5 18. Bxb5+ Kc8 19. c4 a6 20. Bc6 Ra7
21. Nxf8 Rxf8 22. Rxe7 Bxc6 23. Rxa7 Bb7 24. Bxd6 Rf7 25. Re1 Rd7 26. Re6 Rxd6 27. Rxd6 Kb8 28. Rxb7+ Kxb7 29. Rxf6 Kc7 30. Rf7+
1-0

[Event "Let's Go Dutch 2"]
[Site "SchemingMind.com"]
[Date "2007.01.18"]
[Round "-"]
[White "knightrider"]
[Black "iain"]
[Result "1-0"]
[WhiteCountry "USA"]
[BlackCountry "USA"]
[WhiteElo "1502"]
[WhiteRD "61"]
[BlackElo "1395"]
[BlackRD "63"]
[GameID "87278"]

1. d4 f5 2. Bf4 d6 3. e3 Nf6 4. Nf3 Nc6 5. Nc3 Bd7 6. Be2 e6 7. O-O Qe7 8. Nb5 O-O-O 9. Nc3 e5 10. dxe5 dxe5
11. Bg5 h6 12. Bxf6 Qxf6 13. Nd5 Qe6 14. Nc3 Bc5 15. Nd5 Nb4 16. Nxb4 Bxb4 17. a3 Be7 18. b3 Bf6 19. c3 e4 20. Nd4 Bxd4
21. cxd4 g5 22. Bc4 Qf6 23. d5 c6 24. Rc1 f4 25. Qd4 Qf5 26. Qxa7 Kc7 27. Rfd1 f3 28. d6+ Kc8 29. Qa8#
1-0

[Event "Let's Go Dutch 2"]
[Site "SchemingMind.com"]
[Date "2007.01.16"]
[Round "-"]
[White "knightrider"]
[Black "Dr_Pat"]
[Result "0-1"]
[WhiteCountry "USA"]
[BlackCountry "USA"]
[WhiteElo "1465"]
[WhiteRD "59"]
[BlackElo "1559"]
[BlackRD "50"]
[GameID "87279"]

1. d4 f5 2. Bf4 Nf6 3. e3 e6 4. Nf3 Be7 5. Nc3 Nh5 6. d5 Nxf4 7. exf4 O-O 8. a3 d6 9. Bc4 c6 10. dxe6 d5
11. Bd3 Bxe6 12. Nd4 Bc8 13. O-O c5 14. Nf3 Nc6 15. Re1 Bf6 16. b3 Bxc3 17. Rb1 Bxe1 18. Nxe1 Qc7 19. Qf3 Nd4 20. Qe3 Bd7
21. a4 Rae8 22. Qh3 Qxf4 23. Nf3 Ne2+ 24. Bxe2 Rxe2 25. g3 Qxf3 26. Rf1 f4
0-1

[Event "Let's Go Dutch 2"]
[Site "SchemingMind.com"]
[Date "2007.01.16"]
[Round "-"]
[White "knightrider"]
[Black "mart_r3000"]
[Result "0-1"]
[WhiteCountry "USA"]
[BlackCountry "ENG"]
[WhiteElo "1481"]
[WhiteRD "59"]
[BlackElo "1286"]
[BlackRD "52"]
[GameID "87280"]

1. d4 f5 2. Bf4 Nf6 3. e3 c5 4. Nf3 Ne4 5. Bxb8 Rxb8 6. Bc4 e6 7. d5 Nd6 8. Nc3 g6 9. O-O Be7 10. Qd3 a6
11. Na4 b5 12. dxe6 bxc4 13. Qc3 O-O 14. Nxc5 dxe6 15. Ne5 Rb6 16. Nxc4 Nxc4 17. Qxc4 Rf6 18. Nd3 Kf8 19. Rad1 Rd6 20. g3 h5
21. e4 Rf7 22. e5 Rd7 23. h4 g5 24. hxg5 Bxg5 25. Qxe6 Rde7 26. Qc4 h4 27. e6 Bxe6 28. Qxa6 hxg3 29. Ne5 Rg7 30. Rxd8+ Re8
31. Qxe6 gxf2+ 32. Rxf2 Bxd8+
0-1

[Event "Let's Go Dutch 2"]
[Site "SchemingMind.com"]
[Date "2007.01.16"]
[Round "-"]
[White "knightrider"]
[Black "nwhitelaw"]
[Result "1-0"]
[WhiteCountry "USA"]
[BlackCountry "GBR"]
[WhiteElo "1502"]
[WhiteRD "61"]
[BlackElo "1339"]
[BlackRD "62"]
[GameID "87281"]

1. d4 f5 2. Bf4 d6 3. Nf3 Nf6 4. e3 Ne4 5. Nc3 c6 6. Be2 Qb6 7. Nxe4 d5 8. Nc3 Qxb2 9. Na4 Qb4+ 10. c3 Qa5
11. O-O e6 12. Nd2 Ba3 13. h4 b5 14. Qb3 b4 15. cxb4 Bxb4 16. Nf3 O-O 17. a3 Be7 18. g3 Na6 19. Ne5 c5 20. Nc6 Bf6
21. Nxa5 Rb8 22. Bxb8 cxd4 23. Rac1 dxe3 24. Qxe3 Bd7 25. Bxa6 Rxb8 26. Nc5 d4 27. Qd2 Be8 28. Nxe6 Rb6 29. Bc4
1-0

[Event "Let's Go Dutch 2"]
[Site "SchemingMind.com"]
[Date "2007.01.16"]
[Round "-"]
[White "knightrider"]
[Black "HURRICANEWARNING"]
[Result "1-0"]
[WhiteCountry "USA"]
[BlackCountry "USA"]
[WhiteElo "1502"]
[WhiteRD "61"]
[BlackElo "1272"]
[BlackRD "74"]
[GameID "87282"]

1. d4 f5 2. Bf4 c6 3. Nf3 d6 4. Nc3 Qa5 5. Bd2 Qb6 6. d5 Qxb2 7. Rb1 Qa3 8. Rb3 Qc5 9. a4 cxd5 10. e3 a6
11. Bd3 Nf6 12. O-O e5 13. Ng5 e4 14. Be2
1-0

[Event "Let's Go Dutch 2"]
[Site "SchemingMind.com"]
[Date "2007.01.16"]
[Round "-"]
[White "jtrochez1"]
[Black "knightrider"]
[Result "1-0"]
[WhiteCountry "HON"]
[BlackCountry "USA"]
[WhiteElo "1511"]
[WhiteRD "47"]
[BlackElo "1502"]
[BlackRD "61"]
[GameID "87283"]

1. d4 f5 2. e3 Nf6 3. Nc3 e6 4. Nf3 d5 5. Be2 c6 6. O-O Be7 7. Ne5 O-O 8. a3 b5 9. Bf3 Bd6 10. Bd2 Bxe5
11. dxe5 Nfd7 12. Be2 Nxe5 13. f4 Nf7 14. g4 g6 15. g5 Nd7 16. h4 Kg7 17. Rf2 a6 18. Rh2 e5 19. h5 Rh8 20. h6+ Kf8
21. Bf1 Nc5 22. Qe2 e4 23. Rd1 Nd6 24. b4 Ne6 25. Bc1 Nc4 26. Qg2 d4 27. Bxc4 bxc4 28. Qg3 Qb6 29. exd4 Qa7 30. Be3 Qb7
31. Rhd2 a5 32. d5 cxd5 33. Nxd5 axb4 34. axb4 Kf7 35. c3 Ra3 36. Rc2 Qa8 37. Nf6 Bb7 38. Rd7+ Kf8 39. Nxh7+ Ke8 40. Nf6+ Kf8
41. Qh4 Bc6 42. Rd6 Qa4 43. Rcd2 Rxc3 44. Qe1 Ke7 45. Bc5 Kf7 46. Nd7 Nxc5 47. bxc5 e3 48. Ne5+
1-0

[Event "Let's Go Dutch 2"]
[Site "SchemingMind.com"]
[Date "2007.01.18"]
[Round "-"]
[White "iain"]
[Black "knightrider"]
[Result "0-1"]
[WhiteCountry "USA"]
[BlackCountry "USA"]
[WhiteElo "1395"]
[WhiteRD "63"]
[BlackElo "1502"]
[BlackRD "61"]
[GameID "87284"]

1. d4 f5 2. Nc3 Nf6 3. e3 e6 4. Bd2 b6 5. Qe2 Ba6 6. Qf3 c6 7. O-O-O Be7 8. Nge2 d5 9. Nf4 Qd7 10. Bxa6 Nxa6
11. a3 b5 12. Nce2 O-O 13. b4 g6 14. Nd3 Nc7 15. Nc5 Bxc5 16. dxc5 e5 17. Ng3 e4 18. Qe2 a6 19. f3 Qe6 20. fxe4 dxe4
21. Bc3 Ncd5 22. Bb2 a5 23. Nf1 axb4 24. axb4 Nxb4 25. Nd2 Ra1+ 26. Bxa1 Nfd5 27. Nb3 Na2+ 28. Kd2 Rd8 29. Ke1 b4 30. Qf2 Rd7
31. Nd4 Qe8 32. Nxc6 Ndc3 33. Nd4 Nxd1 34. Kxd1 Qc8 35. Ke2 Qxc5 36. Qg3 Rd8 37. Ne6 Qc4+
0-1

[Event "Let's Go Dutch 2"]
[Site "SchemingMind.com"]
[Date "2007.01.16"]
[Round "-"]
[White "Dr_Pat"]
[Black "knightrider"]
[Result "1-0"]
[WhiteCountry "USA"]
[BlackCountry "USA"]
[WhiteElo "1559"]
[WhiteRD "50"]
[BlackElo "1465"]
[BlackRD "59"]
[GameID "87285"]

1. d4 f5 2. Bf4 Nf6 3. e3 Nc6 4. Nd2 e6 5. Ngf3 Be7 6. Be2 O-O 7. O-O d5 8. c4 b6 9. Qc2 Ba6 10. Rfc1 dxc4
11. Bxc4 Bxc4 12. Qxc4 Qe8 13. Qxe6+ Kh8 14. Rxc6 Rc8 15. Ne5 Nh5 16. Nd7 Rg8 17. Bxc7 Nf6 18. Ne5 Rf8 19. Rac1 Bb4 20. Qxe8 Rcxe8
21. Ndc4 Ne4 22. f3 Nd2 23. Nd6 Bxd6 24. Bxd6 Rf6 25. Rc8 Re6 26. d5
1-0